| 000 | 01372pam a2200349 a 4500 | ||
|---|---|---|---|
| 005 | 20260322212044.0 | ||
| 008 | data | ||
| 010 | _a 90004106 | ||
| 020 |
_a067980742X : _c{dollar}13.95 |
||
| 020 | _a0679907424 (lib. bdg.) | ||
| 020 |
_a9780679807421 : _c{dollar}13.95 |
||
| 020 | _a9780679907428 (lib. bdg.) | ||
| 040 |
_aDLC _cDLC _dDLC |
||
| 042 | _alcac | ||
| 043 | _af-ua--- | ||
| 050 | 0 | 0 |
_aDT61 _b.H284 1990 |
| 082 | 0 | 0 |
_a932/.01 _220 |
| 092 | _a932 H284 1990 | ||
| 100 | 1 |
_aHart, George, _d1945- |
|
| 245 | 1 | 0 |
_aAncient Egypt / _cGeorge Hart. |
| 250 | _a1st American ed. | ||
| 260 |
_aNew York : _bDistributed by Random House, _bDistributed by Random House, _c1990. |
||
| 300 |
_a63 p. : _bill. (some col.) ; _c29 cm. |
||
| 490 | 0 |
_aEyewitness books ; _v23 |
|
| 500 | _aIncludes index. | ||
| 520 | _aA photo essay on ancient Egypt and the people who lived there, documented through the mummies, pottery, weapons, and other objects they left behind. Describes their society, religion, obsession with the afterlife, and methods of mummification. | ||
| 651 | 0 |
_aEgypt _xJuvenile literature. _yTo 332 B.C. _xJuvenile literature. |
|
| 651 | 0 |
_aEgypt _xJuvenile literature. _xJuvenile literature. |
|
| 651 | 1 |
_aEgypt _xCivilization _yTo 332 B.C. |
|
| 856 | 4 | 2 |
_3Publisher description _uhttp://www.loc.gov/catdir/description/random0410/90004106.html |
| 001 | data | ||
| 999 |
_c1028 _d1028 |
||